Normal view
MARC view
- Nafisi, Azar
Entry Personal Name
001 - CONTROL NUMBER
- control field: 34170
003 - CONTROL NUMBER IDENTIFIER
- control field: OSt
005 - DATE AND TIME OF LATEST TRANSACTION
- control field: 20131022114502.0
008 - FIXED-LENGTH DATA ELEMENTS
- fixed length control field: 131022|| aca||aabn | a|a d
040 ## - CATALOGING SOURCE
- Original cataloging agency: OSt
- Transcribing agency: OSt
100 ## - HEADING--PERSONAL NAME
- Personal name: Nafisi, Azar
- General subdivision: Family.
670 ## - SOURCE DATA FOUND
- Source citation: Work cat.: (OSt)0: Nafisi, Azar. 34169, Things I've been silent about :, 2010.